Threats and Opportunities for Rural Retail in the Conditions of Dunajska Streda District
Príležitosti a hrozby pre vidiecky maloobchod. Prehľad vidieckeho maloobchodu v okrese Dunajská Streda.
Na minha lista:
| Autor principal: | |
|---|---|
| Formato: | Capítulo de Livro |
| Idioma: | inglês |
| Assuntos: | |
| Tags: |
Sem tags, seja o primeiro a adicionar uma tag!
|
MARC
| LEADER | 00000naa a2200000 4500 | ||
|---|---|---|---|
| 001 | 0246431 | ||
| 005 | 20240502073945.0 | ||
| 041 | 0 | |a eng | |
| 044 | |a SK | ||
| 245 | 1 | 0 | |a Threats and Opportunities for Rural Retail in the Conditions of Dunajska Streda District |c Patrícia Kollár |
| 520 | |a Príležitosti a hrozby pre vidiecky maloobchod. Prehľad vidieckeho maloobchodu v okrese Dunajská Streda. | ||
| 610 | 2 | 0 | |a maloobchod |
| 610 | 2 | 0 | |a siete maloobchodné |
| 610 | 2 | 0 | |a Slovensko |
| 610 | 2 | 0 | |a politika regionálna |
| 610 | 2 | 0 | |a podnikanie |
| 100 | 1 | |a Kollár, Patrícia | |